000 00357nam a2200133Ia 4500
008 151001s9999||||xx |||||||||||||| ||und||
100 _aधारप नारायण
245 _aचेतन
250 _a1
260 _b"समन्वय प्रकाशन, कोल्हापूर"
260 _c2013
300 _a168
365 _b21
999 _c1000376
_d1000373